[Event "North American-ch U20"]
[Site "Charlotte"]
[Date "2020.12.22"]
[Round "8"]
[White "Paul, Justin"]
[Black "Chiu, Isaac"]
[Result "0-1"]
[WhiteElo "2267"]
[BlackElo "2209"]
[PlyCount "60"]
[EventDate "2020.12.19"]
[EventType "swiss"]
[EventRounds "9"]
[EventCountry "USA"]
[SourceTitle "CBM 199 Extra"]
[Source "ChessBase"]
[SourceDate "2021.01.31"]
[SourceVersion "1"]
[SourceVersionDate "2021.01.31"]
[SourceQuality "1"]

1. e4 g6 2. d4 Bg7 3. Nc3 d6 4. h4 Nf6 5. f3 a6 6. Be3 b5 7. Qd2 h5 8. a4 b4 9. Nce2 a5 10. Nf4 e6 11. Ngh3 Ba6 12. Bxa6 Nxa6 13. Ng5 Qd7 14. 0-0 c5 15. dxc5 dxc5 16. Qe2 0-0 17. Rad1 Qxa4 18. Rd6 Nc7 19. Rfd1 Qb5 20. Qf2 Rfc8 21. Qg3 Qe8 22. e5 Nfd5 23. Nxd5 Nxd5 24. R1xd5 exd5 25. e6 fxe6 26. Rxe6 Qd7 27. Rxg6 Rc6 28. Nh3 Rxg6 29. Qxg6 Qe8 30. Qd3 Qxe3+ 0-1

[Event "North American-ch U20"]
[Site "Charlotte"]
[Date "2020.12.21"]
[Round "6"]
[White "Paul, Justin"]
[Black "Chasin, Nico Werner"]
[Result "0-1"]
[WhiteElo "2267"]
[BlackElo "2303"]
[PlyCount "82"]
[EventDate "2020.12.19"]
[EventType "swiss"]
[EventRounds "9"]
[EventCountry "USA"]
[SourceTitle "CBM 199 Extra"]
[Source "ChessBase"]
[SourceDate "2021.01.31"]
[SourceVersion "1"]
[SourceVersionDate "2021.01.31"]
[SourceQuality "1"]

1. e4 c5 2. Nf3 e6 3. b3 Nf6 4. e5 Nd5 5. c4 Ne7 6. Bb2 Nbc6 7. Bd3 d5 8. exd6 Qxd6 9. Be4 e5 10. 0-0 f6 11. Nc3 Bg4 12. h3 Be6 13. Nb5 Qd7 14. Ne1 a6 15. Nc3 f5 16. Bf3 b6 17. Na4 Rb8 18. Qe2 Qd6 19. Rc1 Nd4 20. Bxd4 Qxd4 21. Nc2 Qd6 22. Rfe1 Ng6 23. Bh5 e4 24. d3 Qe5 25. dxe4 Bd6 26. f4 Qxf4 27. exf5 Qh2+ 28. Kf1 0-0 29. Qxe6+ Kh8 30. Bxg6 hxg6 31. Ne3 Rbe8 32. Qxg6 Qf4+ 33. Kg1 Rxe3 34. Qg4 Qh2+ 35. Kf2 Rg3 36. Qh5+ Kg8 37. Rg1 g6 38. Qh4 Rxf5+ 39. Ke2 Rxg2+ 40. Rxg2 Qxg2+ 41. Ke1 Rf1# 0-1